000 00535nam a22001937a 4500
003 BD-DhJNU
005 20250112050521.0
008 250112b |||||||| |||| 00| 0 eng d
020 _a9788170461502
040 _aBD-DhJNU
_bENG
_cBD-DhJNU
_dBD-DhJNU
082 _223
_a709.2 SUS
100 _aSubramanyan, K. G.
245 _aSketches scribbles drawings /
_cK. G. Subramanyan
260 _aCalcutta :
_bSeagull Books,
_c1999.
300 _axxv, 288p. :
_bill. ;
_c36 cm.
650 _aDrawing
650 _aManga
942 _2ddc
_cBK
_n0
999 _c1080
_d1080